Capitali del mondo che iniziano con la T - Statistics

Statistiche generali
  • Questo quiz è stato fatto 633 volte
    632 dall'ultimo reset
  • Il punteggio medio è 8 su 12
Statistiche sulle risposte
Risposte % Corretto
Tallinn
77%
Teheran
72%
Tirana
67%
Tegucigalpa
65%
Taipei
64%
Tbilisi
64%
Tokyo
64%
Tunisi
64%
Tashkent
62%
Tripoli
62%
South {Tarawa}
60%
Thimphu
40%
Nessun quiz corrispondente trovato
Distribuzione punteggi
Percentuale di utenti per punteggio
Percentile per numero di risposta
I tuoi punteggi nel tempo
Non hai fatto questo quiz dall'ultimo reset